1672 1138 1360 1529 1514 1234 1139 1537 1842 1178 1682 1161 1911 1591 1851 1257 1363 1274 1185 1379 1892 1898 1523 1782 1544 1309 1952 1691 1964 1126 1244 1335 1780 1330 1412 1665 1322 1335 1997 1211 1077 1767 1992 1893 1740 1768 1402 1592 1713 1147 1631 1429 1374 1799 1883 1912 1530 1990 1136 1475 1901 1861 1347 1485 1375 1185 1445 1959 1380 1191 1767 1223 1782 1817 1095 1794 1535 1299 1107 1943 1418 1488 1743 1684 1203 1385 1977 1266 1822 1676 1375 1913 1125 1793 1998 1716 1864 1279 1650 BCNSPRNW ULIB Ver.6.0+V

เปลี่ยนเป็นภาษาไทย

Change to English
 แสดงรายละเอียดบรรณานุกรม
  กลับหน้าหลัก

Brief Record : Get Marc (ISO 2709) : E-mail record : QR code < ปิดหน้าต่าง
LEADER : 00000nam 2200000uu 4500
001    13399109369
003     ULIB
008    110330s2553||||th 000 0 tha d
060 04 WA900.JT3^bส691ผ 2553
111 2  การสัมมนาวิชาการป้องกันควบคุมโรคแห่งชาติ^d(2553 :^cกรุงเทพฯ)
245 10 ผลการศึกษาโครงการพัฒนาระบบเฝ้าระวังบูรณาการโดยการสำรวจ(Health survey) ของทีมวิจัย /^cสำนักงานป้องกันควบคุมโรคที่2, สำนักงานป้องกันควบคุมโรคที่ 3, สำนักงานป้องกันควบคุมโรคที่ 5, สำนักงานป้องกันควบคุมโรคที่9, สำนักงานป้องกันควบคุมโรคที่ 11, สำนักงานป้องกันควบคุมโรคที่ 12, สำนักจัดการความรู้ กรมควบคุมโรค
260    นนทบุรี :^bสำนักจัดการความรู้ กรมควบคุมโรค,^c2553
300    102 หน้า ;^c29 ซม.
500    การสัมมนาวิชาการป้องกันควบคุมโรคแห่งชาติ ประจำปี 2553ระหว่างวันที่ 10-12 มีนาคม 2553 ณ ศูนย์นิทรรศการและประชุมไบเทค บางนา กรุงเทพฯ
650  7 การสำรวจสุขภาพ
650  7 การเฝ้าระวังโรค
650  7 โรค^xการป้องกันและควบคุม
710 2  กรมควบคุมโรค. ^bสำนักจัดการความรู้
710 2  สำนักงานป้องกันควบคุมโรคที่ 2 จังหวัดสระบุรี
710 2  สำนักงานป้องกันควบคุมโรคที่ 3 จังหวัดชลบุรี
710 2  สำนักงานป้องกันควบคุมโรคที่ 5 จังหวัดนครราชสีมา
710 2  สำนักงานป้องกันควบคุมโรคที่ 9 จังหวัดพิษณุโลก
710 2  สำนักงานป้องกันควบคุมโรคที่ 11 จังหวัดนครศรีธรรมราช
710 2  สำนักงานป้องกันควบคุมโรคที่ 12 จังหวัดสงขลา
945    ^p0^l0^i027368
945    ^p0^l0^i027367
995    ทศพร
999 ^a ใช้งานได้ทุกระบบ
รายการนี้ยังไม่มีแท็ก
คุณยังไม่ได้ล็อกอิน คุณสามารถมีกิจกรรมร่วมกับเว็บไซต์ได้ แต่ต้องล็อกอินก่อน ::
  ล็อกอิน

รายการสื่อสารสนเทศ

ลำดับที่ ประเภท เลขเรียก/บาร์โค้ด สถานที่ สถานะ
1. วิทยาศาสตร์การแพทย์ และสุขภาพ
หนังสือสำรอง
สถานะ=หนังสือสำรอง
WA900.JT3 ส691ผ 2553 ฉ.1 
  Barcode: 027367
ห้องสมุดวิทยาเขตสวรรค์ประชารักษ์
►ส่วนจัดเก็บหนังสือเก่า สปร
บนชั้น
  ขอยืม
2. วิทยาศาสตร์การแพทย์ และสุขภาพ
วิทยาศาสตร์การแพทย์ และสุขภาพ
WA900.JT3 ส691ผ 2553 ฉ.2 
  Barcode: 027368
ห้องสมุดวิทยาเขตสวรรค์ประชารักษ์
►ส่วนจัดเก็บหนังสือเก่า สปร
บนชั้น
  ขอยืม

รายการใกล้เคียง
    หัวเรื่อง [การสำรวจสุขภาพ]
    หัวเรื่อง [การเฝ้าระวังโรค]

BibComment


ยังไม่เคยถูกคอมเมนท์

คอมเมนท์ทรัพยากรรายการนี้
  คอมเมนท์: ผลการศึกษาโครงการ..


 Copyright 2026. Bcnsprnw @Library